FAO species identification guide Marine mammals of the world
Uloženo v:
| Hlavní autor: | |
|---|---|
| Médium: | Kniha |
| Jazyk: | Undetermined |
| Vydáno: |
Rome
FAO
1993
|
| Témata: | |
| Tagy: |
Přidat tag
Žádné tagy, Buďte první, kdo otaguje tento záznam!
|
| Thư viện lưu trữ: | Trung tâm Học liệu Trường Đại học Cần Thơ |
|---|
| LEADER | 00578nam a2200193Ia 4500 | ||
|---|---|---|---|
| 001 | CTU_29276 | ||
| 008 | 210402s9999 xx 000 0 und d | ||
| 082 | |a 599.009 | ||
| 082 | |b F218g | ||
| 100 | |a Thomas A Jefferson | ||
| 245 | 0 | |a FAO species identification guide | |
| 245 | 0 | |b Marine mammals of the world | |
| 245 | 0 | |c Thomas A Jefferson, FAO, Marc A Webber, Stephen Leatherwood | |
| 260 | |a Rome | ||
| 260 | |b FAO | ||
| 260 | |c 1993 | ||
| 650 | |a marine mammals | ||
| 904 | |i Nguyễn Quang Điền, 990317 | ||
| 980 | |a Trung tâm Học liệu Trường Đại học Cần Thơ | ||